Ochranné odevy : ochrana proti teplu a plameňu. Skúšobná metóda. Určovanie prestupu kontaktného tepla cez ochranné odevy alebo materiály. Časť 1: Kontaktné teplo produkované zahrievaným cylindrom : STN EN ISO 12127-1 (92 0302) : máj 2016

Salvato in:
Dettagli Bibliografici
Natura: Libro
Lingua:inglese
Pubblicazione: Bratislava ÚNMS 2016
Soggetti:
Tags: Aggiungi Tag
Nessun Tag, puoi essere il primo ad aggiungerne!!

MARC

LEADER 00000nam a22000003a 4500
001 0028061
003 SK-STU
005 20171122093912.0
007 ta
008 171122s ----xo-----e------000-0-----d
040 |a STU  |b slo 
041 0 |a eng 
044 |a xo 
245 1 0 |a Ochranné odevy :  |b ochrana proti teplu a plameňu. Skúšobná metóda. Určovanie prestupu kontaktného tepla cez ochranné odevy alebo materiály. Časť 1: Kontaktné teplo produkované zahrievaným cylindrom : STN EN ISO 12127-1 (92 0302) : máj 2016 
260 |a Bratislava  |b ÚNMS  |c 2016 
500 |a Táto norma obsahuje anglickú verziu európskej normy. Oznámením tejto normy sa ruší STN EN 702 (92 0302) z novembra 1997 
650 0 7 |a BOZP 
996 |b 284M087396  |c M* N-1651-1  |l MMKN  |s A  |a 24  |w 0028061_0001